Stolice państw na pierścieniu na mapie świata - Statystyki

Ogólne statystyki
  • Ten quiz został rozwiązany 1 426 razy
  • Średni wynik to 17 z 25
Odpowiedzi na mapie
Odpowiedzi zakodowano w zielono-czerwonej skali na mapie do tego quizu, zgodnie z poniższymi procentami.
 
Statystyki odpowiedzi
Państwo Stolica % Poprawnych
Stany Zjednoczone Waszyngton
97%
Chiny Pekin
96%
Korea Południowa Seul
94%
Australia Canberra
88%
Korea Północna Pjongjang
87%
Peru Lima
83%
Kuba Hawana
80%
Kolumbia Bogota
79%
Indonezja Dżakarta
78%
Nowa Zelandia Wellington
77%
Wietnam Hanoi
75%
Panama Panama
74%
Wenezuela Caracas
73%
Filipiny Manila
73%
Tajwan Tajpej
73%
Singapur Singapur
68%
Ekwador Quito
65%
Jamajka Kingston
54%
Laos Wientian
51%
Kambodża Phnom Penh
49%
Dominikana Santo Domingo
48%
Haiti Port-au-Prince
46%
Bahamy Nassau
44%
Timor Wschodni Dili
42%
Brunei Bandar Seri Begawan
38%
Nie znaleziono quizów pasujących do podanych kryteriów
Rozkład punktacji
Procent ludzi z każdym wynikiem
Percentyl według liczby udzielonych odpowiedzi
Twoja historia wyników
Nie rozwiązałeś tego quizu